000 01029nam a22002777a 4500
001 6753
003 FISKH
005 20250526083159.0
008 250526b cb ||||| |||| 00| 0 eng d
020 _a9780753469002
040 _aFISKH
_beng
_cFISKH
_dFISKH
050 _aQL565.2 .F44
082 _a595.799
100 _aFeldman, Thea
245 _aBusy as a Bee /
_cThea Feldman
260 _aNew York ;
_bKingfisher,
_c2012.
300 _a32 pages :
_bcolor illustrations ;
_c23 cm
490 _aKIngfisher readers :
_vlevel 1
505 _aG
520 _a"Everyone has heard the phrase 'busy as a bee,' and in this book young readers get to see exactly what those bees are up to. From pollinating flowers and collecting nectar to beecommunication, life in the hive, making honey, and the role of the queen, this book covers every aspect of bee life in stunning up-close detail"
521 8 _a320
_bLexile
521 8 _aG
_bRaz-Plus
650 _aAnimals
_vBees
942 _2ddc
_cBK
_n0
999 _c6753
_d6753